Top Scorer – Champions League 2011/12 - Statistiques

Statistiques générales
  • Ce quiz a été pris 42 fois
  • Le résultat moyen est 6 sur 15
Statistiques - réponses
But Club Joueur % Correct
14 FC Barcelone Messi
100%
10 Real Madrid Cristiano Ronaldo
98%
7 Real Madrid Benzema
90%
6 Chelsea Drogba
80%
12 Bayern Munich Gomez
58%
5 AC Milan Ibrahimovic
35%
4 Arsenal Van Persie
33%
5 Naples Cavani
30%
5 Lyon Gomis
18%
5 FC Valence Soldado
15%
5 CSKA Moscou Doumbia
5%
5 FC Bale Frei
5%
5 Real Madrid Callejon
0%
4 APOEL Nicosie Manduca
0%
5 Zenith Saint Pétersbourg Shirokov
0%
Aucun quiz correspondant
Distribution des résultats
% des personnes avec chaque résultat
Percentile par nombre de réponses
Votre historique - résultats
Vous n’avez pas pris ce quiz